000 03727nam0a2200481 4500
001 RU\NLR\BIBL_A\016219800
005 20250625000107.0
010 _a978-5-9704-7465-5
_9700
021 _aRU
_bКН-П-22-076206
035 _a(RuMoRGB)011331164
035 _a(NLR Aleph) 016219800
090 _a12734755
_c12734755
100 _a20221025d2023 |||y0rusy50 ca
101 1 _aeng
_crus
102 _aRU
105 _aa j 001zy
181 0 _ai
_baxxe
182 0 _an
200 1 _aTraumatology and orthopedics
_dТравматология и ортопедия
_e[для вузов] по специальностям 31.05.01 "Лечебное дело", 31.05.02 "Педиатрия", 32.05.01 "Медико-профилактическое дело"
_fA. V. Garkavi, A. V. Lychagin
_gFederal state autonomous educational institution of higher education I. M. Sechenov First Moscow state medical university of the Ministry of health of the Russian Federation (Sechenov university)
_zrus
203 _aТекст
_bвизуальный
_cнепосредственный
210 _aMoscow
_cGEOTAR-Media
_d2023
215 _a781 с.
_cил.
_d25
225 1 _aTextbook
_dУчебник
_zrus
300 _aАвт. также на рус. яз.: А. В. Гаркави, А. В. Лычагин
300 _aНа обороте тит. с. авт: Garkavi A. V., Lychagin A. V., Kavalerskiy G. M. [et al.]
320 _aУказ.: с. 771-781
330 _aВ учебнике рассмотрены общие и частные вопросы травматологии и ортопедии, представлены современные методы диагностики, консервативного и оперативного лечения повреждений и заболеваний опорно-двигательной системы у взрослых и детей. Материал содержит поясняющие иллюстрации, схемы ориентировочной основы действий врача в догоспитальном и госпитальном периодах, вопросы для самоконтроля. Учебник написан в соответствии с требованиями федеральных государственных образовательных стандартов высшего образования по специальностям "Лечебное дело", "Педиатрия", "Медико-профилактическое дело". Издание рекомендовано студентам организаций высшего медицинского профессионального образования
510 1 _6z45790
_aТравматология и ортопедия
_zrus
606 1 _aТравматология
_jУчебники для высших учебных заведений
_9973318
_3RU\NLR\AUTH\6646560
606 1 _aОртопедия
_jУчебники для высших учебных заведений
_9973305
_3RU\NLR\AUTH\6646553
675 _a617(075.8)
_v4
686 1 _aР458я73-1
700 1 _aGarkavi
_bA. V.
_gAndrej Vladimirovič
701 1 _7ba
_8rus
_aLyčagin
_bA. V.
_gAleksej Vladimirovič
_9250581
_3RU\NLR\AUTH\770250637
790 1 _6z45
_aГаркави
_bА. В.
_gАндрей Владимирович
790 1 _7ca
_8rus
_aЛычагин
_bА. В.
_gАлексей Владимирович
_9250579
_3RU\NLR\AUTH\770250635
801 0 _aRU
_bRuMoRKP
_c20221025
_gPSBO
801 1 _aRU
_bRuMoRGB
_c20221025
801 2 _aRU
_bRuMoRGB
_c20221027
_gPSBO
942 _cBOOK
980 _aNB